00904nam a22002417a 4500999001700000003000900017008004100026040007100067082001900138100002900157245006300186260003000249300004400279505006500323650002700388650003000415650002000445650002200465700004000487942001600527945002000543952009900563 c16489d16489AR-CdUCM190503b ||||| |||| 00| 0 spa d aMUNICIPALIDAD PROVINCIAL DEL CUSCOcBIBLIOTECA MUNICIPAL DEL CUSCO a985.014 /bC21 aCaller Iberico, Clorinda aMaría Reiche y los dioses de Nazca :band Nazca's gods / aLima :bHorizonte,c1984. a192 páginas ;bIlustraciones,c23 cm. aContenido: Comentarios sobre María y su obra -- Epilogo... aReiche, María935959 aLíneas de Nazca,916824 aBiografía922 aAnécdotas92139 aBanek, Patricia (traductora)935960 2ddccLIBROS aacvd2019-05-03 002ddc4070aSHbSHcCARTd2019-05-03g25.00o985.014 / C21pSH0000011454r2019-05-03yLIBROS